00283nam a2200109Ia 4500008004000000082001500040100002400055245003200079260004000111300000800151650001400159210210b1989 xxu||||| |||| 00| 0 eng d a121.6 LAUM aLAURENCE (Theodor). aMiracle power of believing. aIndiabParker Publishing Co.,c1989 a204 aBelieving